000 00425nam a22001697a 4500
005 20160525110927.0
008 160525b xxu||||| |||| 00| 0 eng d
020 _a81-8054-582-2
041 _aeng
082 _b4833
100 _aVarshery, R.L. & Bhattacharya, B
_91210
245 _aInternational Marketing Mgt.
260 _aNew Delhi
_bAcademic Faundation
300 _a524
650 _aManagement
_9241
942 _cBK
999 _c1662
_d1661